[Event "CZE-chT1W 1516"]
[Site "Czech Republic"]
[Date "2015.11.29"]
[Round "4.5"]
[White "Constantinou, Peter"]
[Black "Purnoch, Josef"]
[Result "1/2-1/2"]
[WhiteElo "2280"]
[BlackElo "2181"]
[PlyCount "124"]
[EventDate "2015.10.11"]
[EventType "team-tourn"]
[EventRounds "11"]
[EventCountry "CZE"]
[SourceTitle "EXT 2017"]
[Source "ChessBase"]
[SourceDate "2016.10.25"]
[SourceVersion "1"]
[SourceVersionDate "2016.10.25"]
[SourceQuality "1"]
[WhiteTeam "Praha Pankrac"]
[BlackTeam "Neratovice"]
[WhiteTeamCountry "CZE"]
[BlackTeamCountry "CZE"]

1. d4 Nf6 2. Nf3 c5 3. c3 Qc7 4. g3 b6 5. Bg2 Bb7 6. 0-0 e6 7. Bf4 d6 8. Na3 a6 9. dxc5 Qxc5 10. Qb3 Nbd7 11. Rad1 Rc8 12. Rd4 b5 13. Rfd1 Bd5 14. c4 bxc4 15. Qa4 Be7 16. e4 Bc6 17. Qc2 Bxe4 18. Rxe4 Nxe4 19. Qxe4 0-0 20. Qb7 Rfd8 21. Qxa6 d5 22. Be3 Qb4 23. Bd4 Bf6 24. Nc2 Qb8 25. Bxf6 Nxf6 26. Ncd4 Qxb2 27. Nxe6 fxe6 28. Qxe6+ Kh8 29. Ng5 Rc7 30. Nf7+ Rxf7 31. Qxf7 Qe5 32. h3 c3 33. Rc1 d4 34. Qc4 h6 35. Bf1 Ne4 36. Qd3 Nd2 37. a4 Rd6 38. Qb5 Nf3+ 39. Kg2 Rd5 40. Qe2 Nd2 41. Qd3 Ra5 42. Ra1 Qd5+ 43. f3 Qd6 44. Re1 Qc6 45. Be2 Re5 46. Kf2 Qd7 47. Rh1 Qd5 48. Qb5 Qe6 49. Qb8+ Qe8 50. Qxe8+ Rxe8 51. a5 Nb3 52. Bd3 Nxa5 53. Rb1 g5 54. Rb6 Re5 55. Rxh6+ Kg7 56. Rg6+ Kf7 57. Rd6 Rc5 58. Rxd4 c2 59. Bxc2 Rxc2+ 60. Ke3 Nc6 61. Rd5 Kf6 62. f4 gxf4+ 1/2-1/2

[Event "CZE-chT1W 1516"]
[Site "Czech Republic"]
[Date "2015.11.01"]
[Round "2.3"]
[White "Constantinou, Peter"]
[Black "Londyn, Radek"]
[Result "1/2-1/2"]
[WhiteElo "2280"]
[BlackElo "2380"]
[PlyCount "98"]
[EventDate "2015.10.11"]
[EventType "team-tourn"]
[EventRounds "11"]
[EventCountry "CZE"]
[SourceTitle "CBM 169 Extra"]
[Source "ChessBase"]
[SourceDate "2015.12.18"]
[SourceVersion "1"]
[SourceVersionDate "2015.12.18"]
[SourceQuality "1"]
[WhiteTeam "Praha Pankrac"]
[BlackTeam "Praha Vysehrad"]
[WhiteTeamCountry "CZE"]
[BlackTeamCountry "CZE"]

1. d4 d5 2. Bf4 e6 3. e3 Bd6 4. Bxd6 Qxd6 5. Qg4 g6 6. Nd2 Nc6 7. Qg3 Nb4 8. Bd3 Bd7 9. Ngf3 Nxd3+ 10. cxd3 Bb5 11. Ke2 a5 12. Rhc1 Qxg3 13. hxg3 c6 14. a4 Ba6 15. Nb3 Ne7 16. g4 h6 17. Rh1 Kf8 18. g5 Kg7 19. gxh6+ Rxh6 20. Rxh6 Kxh6 21. Rh1+ Kg7 22. Ng5 Kf6 23. f4 b6 24. g4 Nc8 25. Rh8 Ra7 26. Rh7 Nd6 27. Kd2 Ke7 28. Kc3 Kf8 29. Rh8+ Ke7 30. Nd2 c5 31. dxc5 bxc5 32. Nb3 Bxd3 33. Nxc5 Rc7 34. Kxd3 Rxc5 35. Ra8 Nb7 36. Nf3 Rc7 37. Kd2 Nc5 38. Nd4 Nxa4 39. b3 Nc5 40. Rxa5 f6 41. b4 Ne4+ 42. Ke2 e5 43. fxe5 fxe5 44. Nf3 Ke6 45. Ra6+ Nd6 46. Ng5+ Kd7 47. Ra5 Rc4 48. Rxd5 Rxg4 49. Rxe5 Rxb4 1/2-1/2